000
00299nam a22001337a 4500
008
210224b ||||| |||| 00| 0 eng d
020
_a
9781578702404
041
_a
eng
080
_a
004
100
_a
28
101
_a
SHKI
245
_a
Network Performance Baselining
_c
Nassar,D
942
_2
udc
_c
BK
999
_c
55164
_d
55164